[Event "2. Bundesliga West 2009/20010"]
[Site "Bregenz"]
[Date "2010.01.31"]
[Round "8"]
[Board "3"]
[White "Novkovic, Julia"]
[Black "Ljubic, Juro"]
[Result "1-0"]
[WhiteElo "2116"]
[BlackElo "2237"]
[PlyCount "63"]
[EventDate "2009.10.23"]
[EventType "team"]
[EventRounds "11"]
[EventCountry "AUT"]
[WhiteTeam "Dornbirn"]
[BlackTeam "Sparkasse Schwarzach"]

1.e4 c5 2.Nf3 a6 3.c4 d6 4.d4 Bg4 5.d5 e5 6.h3 Bh5 7.Nc3 Be7 8.g4 Bg6 9.Bd3 h5
10.g5 h4 11.Qa4+ Nd7 12.Rg1 Qc7 13.Be3 O-O-O 14.a3 Nb6 15.Qb3 Rf8 16.Na4 Nxa4
17.Qxa4 Qd7 18.Qxd7+ Kxd7 19.b4 b6 20.bxc5 bxc5 21.Rb1 Ra8 22.Kd2 Bd8 23.Rb7+
Bc7 24.Rgb1 Ne7 25.Bc2 f5 26.Nxe5+ dxe5 27.Bxc5 Nc8 28.exf5 Be8 29.Ke3 Nd6
30.Bxd6 Kxd6 31.c5+ Kxd5 32.Be4+

[Event "2. Bundesliga West 2009/20010"]
[Site "Bregenz"]
[Date "2010.01.31"]
[Round "8"]
[Board "4"]
[White "Stoeckl, Norbert"]
[Black "Karrer, Damian"]
[Result "0-1"]
[WhiteElo "2076"]
[BlackElo "2159"]
[PlyCount "118"]
[EventDate "2009.10.23"]
[EventType "team"]
[EventRounds "11"]
[EventCountry "AUT"]
[WhiteTeam "Sparkasse Schwarzach"]
[BlackTeam "Dornbirn"]

1.e4 c5 2.Nf3 Nc6 3.d4 cxd4 4.Nxd4 Nf6 5.Nc3 e5 6.Ndb5 d6 7.Bg5 a6 8.Na3 b5
9.Nd5 Be7 10.Nxe7 Nxe7 11.Bd3 Bg4 12.f3 Be6 13.c4 O-O 14.Qd2 Qb8 15.b3 b4 16.Nc2
a5 17.O-O Ra7 18.f4 Ne8 19.f5 Bc8 20.f6 gxf6 21.Bh6 Ng7 22.Rxf6 Kh8 23.Raf1 Be6
24.Bxg7+ Kxg7 25.Qh6+ Kh8 26.R1f3 Ng8 27.Qh4 Qd8 28.Qf2 Ra8 29.Ne3 Nxf6 30.Rxf6
Qb6 31.Rh6 Rg8 32.Qf6+ Rg7 33.Kf2 Qd8 34.Nd5 Bxd5 35.exd5 Qxf6+ 36.Rxf6 Rd8
37.Bf5 Kg8 38.c5 dxc5 39.Rc6 Rg5 40.g4 Rxd5 41.Ke3 h5 42.h3 hxg4 43.hxg4 Kf8
44.Ke4 Rd8 45.Kxe5 Rg8 46.Rxc5 Ra8 47.Rc7 Rg7 48.Rc6 Ke7 49.Rc7+ Kf8 50.Rc6 Rg8
51.Rc7 Rh8 52.Be4 Re8+ 53.Kf4 Rh2 54.Bd5 Re7 55.Rc8+ Kg7 56.a4 bxa3 57.Ra8 a2
58.Rxa5 Re1 59.Kg3 Rd2

[Event "2. Bundesliga West 2009/20010"]
[Site "Bregenz"]
[Date "2010.01.31"]
[Round "8"]
[Board "6"]
[White "Klinger, Josef Sen."]
[Black "Kessler, Luca"]
[Result "1/2-1/2"]
[WhiteElo "1984"]
[BlackElo "2006"]
[PlyCount "95"]
[EventDate "2009.10.23"]
[EventType "team"]
[EventRounds "11"]
[EventCountry "AUT"]
[WhiteTeam "Sparkasse Schwarzach"]
[BlackTeam "Dornbirn"]

1.Nh3 d5 2.g3 c5 3.d3 Nc6 4.c3 e5 5.e4 f6 6.Bg2 d4 7.O-O Be6 8.f4 Qd7 9.f5 Bf7
10.g4 O-O-O 11.c4 g6 12.g5 gxf5 13.exf5 Be7 14.Nd2 fxg5 15.Ne4 g4 16.Nhg5 Nh6
17.h3 Rdg8 18.hxg4 Qd8 19.Ne6 Bxe6 20.Bxh6 Bf7 21.Qf3 Bf8 22.Bd2 Qh4 23.g5 Bh5
24.Qh3 Qxh3 25.Bxh3 Be2 26.f6+ Kd8 27.Be6 Bxf1 28.Kxf1 Rg6 29.Bf7 Kd7 30.Bxg6
hxg6 31.Kg2 Nd8? 32.Rh1 Rxh1 33.Kxh1 Ke6 34.Kg2 Nf7 35.Kf3 Kf5 36.Ng3+ Ke6
37.Ke4 Nd6+ 38.Kf3 Nf7 39.Kg4 Nd6 40.Be1 Kf7 41.b3 Ke6 42.Nf1 Nf5 43.Bf2 Nd6
44.Nd2 b6 45.Bg3 Nf5 46.Nf3 Nxg3 47.Kxg3 Kf5 48.Kg2

[Event "2. Bundesliga West 2009/20010"]
[Site "Bregenz"]
[Date "2010.01.31"]
[Round "8"]
[Board "1"]
[White "Gaertner, Guntram"]
[Black "Webersberger, Johann"]
[Result "0-1"]
[WhiteElo "2325"]
[BlackElo "2367"]
[PlyCount "120"]
[EventDate "2009.10.23"]
[EventType "team"]
[EventRounds "11"]
[EventCountry "AUT"]
[WhiteTeam "Hohenems II"]
[BlackTeam "ATSV Ranshofen"]

1.d4 d6 2.c4 g6 3.e4 Bg7 4.Nc3 e5 5.Be3 exd4 6.Bxd4 Nf6 7.Nd5 O-O 8.Nxf6+ Bxf6
9.Bxf6 Qxf6 10.Qd2 Nc6 11.O-O-O a6 12.h4 h5 13.f3 b5 14.Qg5 Qg7 15.Qd5 Bd7 16.c5
Rfd8 17.cxd6 cxd6 18.Kb1 Rac8 19.Qd2 d5 20.Bd3 Be6 21.Qe1 Ne5 22.Ne2 Nxd3
23.Rxd3 dxe4 24.Rxd8+ Rxd8 25.Nf4 Bf5 26.fxe4 Re8 27.Ka1 Rxe4 28.Qd2 Qd4 29.Qxd4
Rxd4 30.g3 Rd2 31.a3 Kg7 32.Rc1 Rf2 33.Rc6 Rf3 34.Rc3 Be4 35.Nh3 a5 36.Rxf3 Bxf3
37.Kb1 Kf6 38.Kc2 Ke5 39.Kd3 f6 40.Ke3 Bg4 41.Nf4 g5 42.Ng6+ Kd5 43.Ne7+ Kd6
44.Ng8 Ke5 45.Ne7 Bd7 46.g4 Bxg4 47.Nc6+ Kd5 48.Nxa5 gxh4 49.Nb3 h3 50.Kf2 f5
51.Nd2 f4 52.b3 Kd4 53.a4 Kd3 54.Nf1 bxa4 55.bxa4 Be2 56.Nh2 Kd2 57.a5 Kd1 58.a6
Bxa6 59.Kf3 Ke1 60.Kxf4 Kf2

[Event "2. Bundesliga West 2009/20010"]
[Site "Bregenz"]
[Date "2010.01.31"]
[Round "8"]
[Board "2"]
[White "Menacher, Manfred"]
[Black "Grabher, Heinz"]
[Result "1-0"]
[WhiteElo "2274"]
[BlackElo "2252"]
[PlyCount "131"]
[EventDate "2009.10.23"]
[EventType "team"]
[EventRounds "11"]
[EventCountry "AUT"]
[WhiteTeam "ATSV Ranshofen"]
[BlackTeam "Hohenems II"]

1.c4 Nf6 2.g3 e5 3.Bg2 c6 4.d4 exd4 5.Qxd4 d5 6.Nf3 Be6 7.O-O Nbd7 8.cxd5 cxd5
9.Nc3 Bc5 10.Qd1 O-O 11.Nd4 Rc8 12.Be3 a6 13.Rc1 Ng4 14.Nxe6 Nxe3 15.Nxd8 Nxd1
16.Rfxd1 Rfxd8 17.Nxd5 Kf8 18.Bh3 Rc6 19.b4 Bd6 20.a3 Ne5 21.Ne3 Rxc1 22.Rxc1 a5
23.bxa5 Bxa3 24.Rb1 Bc5 25.Nf1 Ra8 26.Rb5 Bd6 27.Nd2 Bc7 28.Nb3 Nc4 29.Rxb7 Nxa5
30.Rxc7 Nxb3 31.Bf5 Nd4 32.Bd3 Ne6 33.Rc4 h6 34.h4 Ke7 35.Kg2 Ra5 36.Rc8 Kf6
37.Bc4 Ra3 38.Rc6 Ke7 39.Bxe6 fxe6 40.h5 Kf6 41.g4 Rb3 42.e3 Rb2 43.Kg3 Re2
44.Rc4 Kf7 45.Rf4+ Ke7 46.Rf3 Ra2 47.Rf4 Rb2 48.Re4 Kf6 49.f4 Rb1 50.Ra4 Rg1+
51.Kf3 Rf1+ 52.Kg2 Rb1 53.Ra5 Re1 54.Kf2 Rh1 55.Kg2 Re1 56.g5+ hxg5 57.fxg5+ Kf7
58.Ra7+ Kf8 59.Kf3 Rh1 60.Kg4 Rh2 61.g6 Rb2 62.Rf7+ Kg8 63.Re7 Rb4+ 64.e4 Rxe4+
65.Kf3 Kf8 66.Rf7+

[Event "2. Bundesliga West 2009/20010"]
[Site "Bregenz"]
[Date "2010.01.31"]
[Round "8"]
[Board "3"]
[White "Amann, Guenter"]
[Black "Dovzik, Juri"]
[Result "1/2-1/2"]
[WhiteElo "2293"]
[BlackElo "2365"]
[PlyCount "64"]
[EventDate "2009.10.23"]
[EventType "team"]
[EventRounds "11"]
[EventCountry "AUT"]
[WhiteTeam "Hohenems II"]
[BlackTeam "ATSV Ranshofen"]

1.d4 d5 2.c4 c6 3.e3 Nf6 4.Nc3 a6 5.Nf3 b5 6.cxd5 cxd5 7.Ne5 e6 8.Bd2 Be7 9.Be2
O-O 10.O-O Bb7 11.Rc1 Nfd7 12.Nd3 Nc6 13.Nb1 Ra7 14.Nc5 Ba8 15.a4 Nxc5 16.axb5
Ne4 17.bxc6 Qb6 18.Qa4 Nxd2 19.Nxd2 Rc8 20.c7 Rcxc7 21.Rxc7 Qxc7 22.Nb3 Bc6
23.Qa5 Qb8 24.Rc1 Be8 25.Qc3 Rb7 26.Nc5 Rxb2 27.Nxa6 Qb7 28.Qc8 Kf8 29.g3 Qxc8
30.Rxc8 Bd6 31.Bd3 h5 32.Nc7 Bxc7

[Event "2. Bundesliga West 2009/20010"]
[Site "Bregenz"]
[Date "2010.01.31"]
[Round "8"]
[Board "4"]
[White "Ager, Josef"]
[Black "Burschowsky, Matthias"]
[Result "1/2-1/2"]
[WhiteElo "2214"]
[BlackElo "2214"]
[PlyCount "62"]
[EventDate "2009.10.23"]
[EventType "team"]
[EventRounds "11"]
[EventCountry "AUT"]
[WhiteTeam "ATSV Ranshofen"]
[BlackTeam "Hohenems II"]

1.Nf3 d5 2.c4 c6 3.g3 Nf6 4.Qc2 Bg4 5.Bg2 e6 6.O-O Nbd7 7.d3 Bd6 8.b3 Qc7 9.a4
a5 10.Ba3 O-O 11.Bxd6 Qxd6 12.Nbd2 Nc5 13.cxd5 exd5 14.Rac1 Na6 15.Rfe1 Rfe8
16.Qc3 Nb4 17.Qc5 Qc7 18.Qd4 Rad8 19.Nf1 Rd7 20.Ne3 h5 21.h3 Bxf3 22.Bxf3 Rde7
23.Kg2 Qe5 24.Qxe5 Rxe5 25.Red1 g6 26.Rd2 Nh7 27.h4 Nf8 28.d4 R5e7 29.Nd1 Nd7
30.e3 Nf6 31.Nc3 Nd7

[Event "2. Bundesliga West 2009/20010"]
[Site "Bregenz"]
[Date "2010.01.31"]
[Round "8"]
[Board "5"]
[White "Sandholzer, Robert"]
[Black "Enoeckl, Philipp"]
[Result "1/2-1/2"]
[WhiteElo "2104"]
[BlackElo "2216"]
[PlyCount "72"]
[EventDate "2009.10.23"]
[EventType "team"]
[EventRounds "11"]
[EventCountry "AUT"]
[WhiteTeam "Hohenems II"]
[BlackTeam "ATSV Ranshofen"]

1.e4 e6 2.d4 d5 3.exd5 exd5 4.Nf3 Bd6 5.c4 Nf6 6.Nc3 O-O 7.c5 Re8+ 8.Be2 Bf8
9.Bg5 b6 10.cxb6 axb6 11.O-O c6 12.Qc2 h6 13.Bh4 Bg4 14.Rfe1 Nbd7 15.h3 Bxf3
16.Bxf3 Rxe1+ 17.Rxe1 Bd6 18.Qe2 Qc7 19.Bxf6 Nxf6 20.Qd3 Re8 21.Rxe8+ Nxe8
22.Qa6 Nf6 23.Na4 Nd7 24.Bg4 b5 25.Bxd7 Qxd7 26.Nb6 Qe7 27.Qc8+ Kh7 28.g3 Qe1+
29.Kg2 Qe4+ 30.Kg1 Qe1+ 31.Kg2 Qe4+ 32.Kg1 Qxd4 33.Qf5+ Kg8 34.Qc8+ Kh7 35.Qf5+
Kg8 36.Qc8+ Kh7

[Event "2. Bundesliga West 2009/20010"]
[Site "Salzburg"]
[Date "2010.03.12"]
[Round "9"]
[Board "1"]
[White "Deglmann, Ludwig"]
[Black "Hommeles, Theo"]
[Result "1/2-1/2"]
[WhiteElo "2329"]
[BlackElo "2412"]
[PlyCount "73"]
[EventDate "2009.10.23"]
[EventType "team"]
[EventRounds "11"]
[EventCountry "AUT"]
[WhiteTeam "Sparkasse Jenbach II"]
[BlackTeam "Bregenz"]

1.Nf3 d5 2.c4 e6 3.g3 Nf6 4.Bg2 Be7 5.b3 dxc4 6.bxc4 c5 7.O-O Nc6 8.Bb2 O-O
9.Ne5 Nxe5 10.Bxe5 Bd6 11.Bxd6 Qxd6 12.d3 Rb8 13.Nc3 a6 14.a4 b6 15.Qc2 Bb7
16.Bxb7 Rxb7 17.Rfb1 Rfb8 18.a5 h5 19.h4 Qe5 20.axb6 Rxb6 21.Rxb6 Rxb6 22.Ra5
Qf5 23.Kg2 Ng4 24.Ne4 Qxf2+ 25.Nxf2 Ne3+ 26.Kf3 Nxc2 27.Rxc5 Nd4+ 28.Ke3 Nf5+
29.Kf3 Nd4+ 30.Ke3 Nf5+ 31.Kf3 f6 32.Rc8+ Kf7 33.Ra8 Nd4+ 34.Ke3 Nf5+ 35.Kf3
Nd4+ 36.Ke3 Nf5+ 37.Ke4

[Event "2. Bundesliga West 2009/20010"]
[Site "Salzburg"]
[Date "2010.03.12"]
[Round "9"]
[Board "2"]
[White "Herbrechtsmeier, Christof"]
[Black "Micheli, Carlo"]
[Result "1/2-1/2"]
[WhiteElo "2268"]
[BlackElo "2293"]
[PlyCount "60"]
[EventDate "2009.10.23"]
[EventType "team"]
[EventRounds "11"]
[EventCountry "AUT"]
[WhiteTeam "Bregenz"]
[BlackTeam "Sparkasse Jenbach II"]

1.d4 d6 2.e4 Nf6 3.Nc3 g6 4.Bc4 Bg7 5.Qe2 Nc6 6.e5 dxe5 7.dxe5 Ng4 8.f4 Nd4
9.Qd1 Bf5 10.Bd3 h5 11.h3 Nh6 12.Be3 c6 13.Nge2 Ne6 14.Ne4 Qa5+ 15.Qd2 Qxd2+
16.Bxd2 O-O-O 17.Be3 Kb8 18.O-O-O Nc7 19.N2c3 Bc8 20.Bf2 Ne6 21.Ne2 Nc7 22.N2c3
Ne6 23.Ne2 b6 24.Bc4 Kc7 25.Ng5 Rxd1+ 26.Rxd1 Nd8 27.a4 f6 28.exf6 exf6 29.Nf3
Nf5 30.Nh4 Ne7

[Event "2. Bundesliga West 2009/20010"]
[Site "Salzburg"]
[Date "2010.03.12"]
[Round "9"]
[Board "4"]
[White "Bezler, Rainer"]
[Black "Meier, Alexander"]
[Result "1-0"]
[WhiteElo "2292"]
[BlackElo "2146"]
[PlyCount "63"]
[EventDate "2009.10.23"]
[EventType "team"]
[EventRounds "11"]
[EventCountry "AUT"]
[WhiteTeam "Bregenz"]
[BlackTeam "Sparkasse Jenbach II"]

1.c4 e5 2.g3 d6 3.Bg2 f5 4.Nc3 Nf6 5.d3 g6 6.e3 Bg7 7.Nge2 c6 8.O-O O-O 9.f4 Na6
10.b3 Qa5 11.Bb2 Be6 12.Qd2 Bf7 13.Rad1 Qc7 14.e4 fxe4 15.dxe4 Rad8 16.Kh1 exf4
17.gxf4 Rfe8 18.Ng3 Nb4 19.Nce2 a5 20.Bc3 d5 21.cxd5 cxd5 22.Bxb4 Nxe4 23.Bxa5
b6 24.Bxb6 Qxb6 25.Qc2 Nf2+ 26.Rxf2 Qxf2 27.f5 Be5 28.fxg6 Bxg6 29.Qc6 Bxg3
30.Bxd5+ Kh8 31.hxg3 Qxe2 32.Qf6#

[Event "2. Bundesliga West 2009/20010"]
[Site "Salzburg"]
[Date "2010.03.12"]
[Round "9"]
[Board "5"]
[White "Schnegg, Daniel"]
[Black "Mira, Helene"]
[Result "1-0"]
[WhiteElo "2092"]
[BlackElo "2108"]
[PlyCount "55"]
[EventDate "2009.10.23"]
[EventType "team"]
[EventRounds "11"]
[EventCountry "AUT"]
[WhiteTeam "Sparkasse Jenbach II"]
[BlackTeam "Bregenz"]

1.e4 e5 2.Nf3 Nc6 3.Bb5 a6 4.Ba4 Nf6 5.O-O Be7 6.Re1 b5 7.Bb3 d6 8.c3 O-O 9.h3
Na5 10.Bc2 c5 11.d4 Qc7 12.Nbd2 Rd8 13.Nf1 cxd4 14.cxd4 exd4 15.Nxd4 d5 16.e5
Ne4 17.Bf4 Bb7 18.Rc1 Qb6 19.Be3 Nc4 20.Nf5 Nxe3 21.Nxe7+ Kf8 22.Nxe3 Kxe7
23.Qh5 Qg6 24.Qh4+ Qg5 25.Nf5+ Kf8 26.Qxh7 Ke8 27.Bxe4 dxe4 28.Qg8+

[Event "2. Bundesliga West 2009/20010"]
[Site "Salzburg"]
[Date "2010.03.12"]
[Round "9"]
[Board "1"]
[White "Blaskowski, Johannes"]
[Black "Dobosz, Henryk"]
[Result "1/2-1/2"]
[WhiteElo "2332"]
[BlackElo "2404"]
[PlyCount "66"]
[EventDate "2009.10.23"]
[EventType "team"]
[EventRounds "11"]
[EventCountry "AUT"]
[WhiteTeam "Hypo Kufstein"]
[BlackTeam "Goetzis"]

1.e4 d6 2.d4 Nf6 3.Nc3 e5 4.dxe5 dxe5 5.Qxd8+ Kxd8 6.Bg5 Be6 7.Nd5 Nbd7 8.O-O-O
Kc8 9.f3 c6 10.Nxf6 Nxf6 11.Bd3 Nd7 12.Ne2 f6 13.Be3 Bc5 14.Bxc5 Nxc5 15.Nc3 a5
16.a4 Kc7 17.Be2 Rad8 18.Rxd8 Rxd8 19.Rd1 Rd4 20.b3 Rxd1+ 21.Kxd1 Bd7 22.Bc4 Ne6
23.Kd2 Kd6 24.Bxe6 Bxe6 25.Nd1 b6 26.Kc3 Kc5 27.g4 Bc8 28.Ne3 Ba6 29.Kd2 g6
30.c3 Bc8 31.h4 Be6 32.Kc2 h6 33.Kb2 b5

[Event "2. Bundesliga West 2009/20010"]
[Site "Salzburg"]
[Date "2010.03.12"]
[Round "9"]
[Board "3"]
[White "Rusche, Johannes"]
[Black "Schmidlechner, Alexander"]
[Result "0-1"]
[WhiteElo "2170"]
[BlackElo "2190"]
[PlyCount "84"]
[EventDate "2009.10.23"]
[EventType "team"]
[EventRounds "11"]
[EventCountry "AUT"]
[WhiteTeam "Hypo Kufstein"]
[BlackTeam "Goetzis"]

1.e4 c5 2.Nf3 Nc6 3.Bb5 g6 4.Bxc6 dxc6 5.d3 Bg7 6.h3 Nf6 7.Nc3 O-O 8.Be3 b6
9.Qd2 e5 10.Bh6 Qd6 11.Qg5 Re8 12.Bxg7 Kxg7 13.Nd2 h6 14.Qe3 Nh5 15.Nc4 Qc7
16.O-O-O a5 17.g3 a4 18.Nd2 Be6 19.Kb1 Qd6 20.Ne2 Qd7 21.f4 Bxh3 22.Nc4 Bg4
23.Nxb6 Qb7 24.Nxa8 Bxe2 25.Qxe2 Nxg3 26.Qh2 Nxh1 27.Rxh1 h5 28.fxe5 a3 29.b3
Qxa8 30.Rf1 Qb8 31.Qf2 Qxe5 32.Qxf7+ Kh6 33.Qf6 Qxf6 34.Rxf6 h4 35.Kc1 Kg5
36.Rxc6 h3 37.Rxc5+ Kg4 38.Rc7 Rh8 39.Rf7 h2 40.Rf1 h1=Q 41.Rxh1 Rxh1+ 42.Kd2
Kf4

[Event "2. Bundesliga West 2009/20010"]
[Site "Salzburg"]
[Date "2010.03.12"]
[Round "9"]
[Board "4"]
[White "Scheffknecht, Philipp"]
[Black "Englert, Jan"]
[Result "1/2-1/2"]
[WhiteElo "2163"]
[BlackElo "2146"]
[PlyCount "63"]
[EventDate "2009.10.23"]
[EventType "team"]
[EventRounds "11"]
[EventCountry "AUT"]
[WhiteTeam "Goetzis"]
[BlackTeam "Hypo Kufstein"]

1.d4 d6 2.Nf3 Bg4 3.e4 Nf6 4.h3 Bh5 5.Nc3 e6 6.Be3 Be7 7.Qd2 Bg6 8.Bd3 d5 9.exd5
exd5 10.Bxg6 hxg6 11.Qd3 c6 12.O-O-O Nbd7 13.Bf4 Kf8 14.Kb1 Kg8 15.Bh2 Nf8
16.Ne5 N6d7 17.f4 Bf6 18.Rhf1 Qe7 19.Rde1 Bxe5 20.fxe5 Ne6 21.Ne2 Nb6 22.Nf4 Rf8
23.Nxe6 Qxe6 24.Bf4 Rc8 25.Bc1 Rc7 26.b3 Nc8 27.Rf4 Ne7 28.Ba3 Nf5 29.Ref1 Rd7
30.Qf3 b5 31.Qf2 a5 32.Bc5

[Event "2. Bundesliga West 2009/20010"]
[Site "Salzburg"]
[Date "2010.03.12"]
[Round "9"]
[Board "5"]
[White "Steinbacher, Thomas"]
[Black "Laske, Erich"]
[Result "0-1"]
[WhiteElo "2059"]
[BlackElo "2076"]
[PlyCount "120"]
[EventDate "2009.10.23"]
[EventType "team"]
[EventRounds "11"]
[EventCountry "AUT"]
[WhiteTeam "Hypo Kufstein"]
[BlackTeam "Goetzis"]

1.d4 Nf6 2.Nc3 d5 3.Bg5 Nbd7 4.Qd3 h6 5.Bh4 c5 6.dxc5 e6 7.O-O-O Nxc5 8.Qd4 b5
9.Bxf6 gxf6 10.b4 Na6 11.a3 Nc7 12.e4 e5 13.Qd3 d4 14.Nxb5 a5 15.Nxc7+ Qxc7
16.Qb5+ Bd7 17.Qd5 Rc8 18.Qb3 axb4 19.a4 Be6 20.Bb5+ Kd8 21.Qd3 b3 22.Rd2 Qc5
23.Kb1 Qa3 24.c3 Bd6 25.Ne2 Ke7 26.cxd4 exd4 27.f4 Bb4 28.Rhd1 Rhd8 29.e5 fxe5
30.fxe5 Bxd2 31.Rxd2 Rc5 32.Rb2 Rxe5 33.Qf3 Bf5+ 34.Bd3 Bxd3+ 35.Qxd3 Re3 36.Qb5
Qd6 37.g3 Qg6+ 38.Ka1 Qd3 39.Qc5+ Ke8 40.Nc1 Qc3 41.Qb5+ Kf8 42.Nxb3 d3 43.Qb6
Re1+ 44.Ka2 Ke8 45.Qb5+ Ke7 46.Qb7+ Rd7 47.Qf3 Qe5 48.Qg4 Re2 49.Qb4+ Ke8 50.Nd2
Qe6+ 51.Rb3 Rd8 52.Qc3 f6 53.Ka3 Qe7+ 54.Ka2 Qe5 55.Qc6+ Kf8 56.Qc1 Ra8 57.Qa3+
Kg8 58.Rxd3 Qe4 59.Qb3+ Kh8 60.Kb1 Rxd2

[Event "2. Bundesliga West 2009/20010"]
[Site "Salzburg"]
[Date "2010.03.12"]
[Round "9"]
[Board "6"]
[White "Kranz, Armin"]
[Black "Kranewitter, Norbert"]
[Result "0-1"]
[WhiteElo "2111"]
[BlackElo "2076"]
[PlyCount "156"]
[EventDate "2009.10.23"]
[EventType "team"]
[EventRounds "11"]
[EventCountry "AUT"]
[WhiteTeam "Goetzis"]
[BlackTeam "Hypo Kufstein"]

1.d4 d5 2.Nf3 Nf6 3.c4 c6 4.e3 Bg4 5.Nc3 e6 6.Qb3 Qc7 7.Bd2 Bd6 8.Be2 Nbd7 9.h3
Bxf3 10.Bxf3 O-O 11.O-O dxc4 12.Qxc4 e5 13.Rac1 a6 14.d5 c5 15.Qh4 b5 16.e4 c4
17.Ne2 Be7 18.Qg3 Rfc8 19.Bh6 g6 20.Rc2 Nc5 21.b3 Nfxe4 22.Bxe4 Nxe4 23.Qe3 f5
24.bxc4 bxc4 25.Nc3 Nxc3 26.Qxc3 Qd6 27.Re1 Bf6 28.Qd2 Rc5 29.Rd1 Rd8 30.Qb4
Rxd5 31.Qxd6 Rxd1+ 32.Qxd1 Rxd1+ 33.Kh2 Rd4 34.Be3 Rd3 35.Rxc4 e4 36.Rc6 Be5+
37.g3 Ra3 38.Rc2 Kf7 39.Kg2 Ke6 40.Rd2 Rd3 41.Rc2 Bc3 42.Kf1 Kd5 43.Ke2 a5
44.Rc1 Kc4 45.h4 Kb4 46.Rc2 Bd4 47.Bd2+ Bc3 48.Be3 Ka4 49.Bc1 Kb5 50.Be3 Bd4
51.Bd2 Rf3 52.Be1 h6 53.Rc8 Ra3 54.Rc2 g5 55.hxg5 hxg5 56.Bd2 g4 57.Be1 Rd3
58.Rc8 Ra3 59.Rc2 e3 60.f3 Ra4 61.fxg4 fxg4 62.Kd3 Bb6 63.Rb2+ Kc6 64.Rh2 Bc5
65.Rh6+ Kb5 66.Rh2 Ra3+ 67.Ke4 Ra4+ 68.Kd3 Rd4+ 69.Kxe3 Rd1+ 70.Ke2 Ra1 71.Kf1
Bb4 72.Rh5+ Ka4 73.Re5 Rxe1+ 74.Rxe1 Bxe1 75.Kxe1 Ka3 76.Kd2 Kxa2 77.Kc2 Ka3
78.Kc3 a4

[Event "2. Bundesliga West 2009/20010"]
[Site "Salzburg"]
[Date "2010.03.12"]
[Round "9"]
[Board "1"]
[White "Bertagnolli, Alexander"]
[Black "Bromberger, Stefan"]
[Result "1-0"]
[WhiteElo "2332"]
[BlackElo "2510"]
[PlyCount "147"]
[EventDate "2009.10.23"]
[EventType "team"]
[EventRounds "11"]
[EventCountry "AUT"]
[WhiteTeam "Rochade Rum"]
[BlackTeam "Wuestenrot Sbg SIR"]

1.e4 c5 2.Nf3 Nc6 3.d4 cxd4 4.Nxd4 Nf6 5.Nc3 e5 6.Nde2 Bb4 7.a3 Ba5 8.Bg5 h6
9.Bxf6 Qxf6 10.Qd3 O-O 11.f3 d6 12.O-O-O Be6 13.Kb1 Bxc3 14.Nxc3 Nd4 15.Nb5 Nxb5
16.Qxb5 Qe7 17.Bc4 Bxc4 18.Qxc4 Rfc8 19.Qe2 Rc6 20.Rd5 Rac8 21.c3 Rc5 22.Rd3 Qd7
23.Rhd1 Qb5 24.Qc2 R8c6 25.Ka2 Qc4+ 26.Ka1 a5 27.Rxd6 Rxd6 28.Rxd6 a4 29.Qd3 Qb3
30.Rd8+ Kh7 31.Rd5 b6 32.Kb1 g6 33.Rxc5 bxc5 34.Qd5 Qb5 35.Qxf7+ Kh8 36.Qf8+ Kh7
37.Qe7+ Kg8 38.Qd8+ Kg7 39.Qd1 h5 40.g3 Qc4 41.Kc2 Qb3+ 42.Kc1 Qc4 43.Kd2 Qb5
44.Qc1 Qd7+ 45.Ke2 c4 46.Qd2 Qh3 47.Ke1 h4 48.Qd6 Qxh2 49.Qxe5+ Kf7 50.Qc7+ Kf8
51.Qc5+ Ke8 52.Qc6+ Ke7 53.Qc5+ Ke8 54.gxh4 Qxh4+ 55.Qf2 Qh1+ 56.Qf1 Qh6 57.Kd1
Qe3 58.Qxc4 Qxf3+ 59.Kc2 Qg2+ 60.Kb1 g5 61.Qxa4+ Ke7 62.Qb4+ Ke6 63.Qc4+ Ke5
64.Qc7+ Ke6 65.Qc8+ Ke7 66.Qc5+ Kd7 67.Qf5+ Ke7 68.e5 g4 69.Qf6+ Ke8 70.Qe6+ Kf8
71.Qd6+ Kg8 72.Qd8+ Kf7 73.Qd7+ Kf8 74.e6

[Event "2. Bundesliga West 2009/20010"]
[Site "Salzburg"]
[Date "2010.03.12"]
[Round "9"]
[Board "2"]
[White "Pitl, Gregory"]
[Black "Gatterer, Florian"]
[Result "1/2-1/2"]
[WhiteElo "2405"]
[BlackElo "2323"]
[PlyCount "66"]
[EventDate "2009.10.23"]
[EventType "team"]
[EventRounds "11"]
[EventCountry "AUT"]
[WhiteTeam "Wuestenrot Sbg SIR"]
[BlackTeam "Rochade Rum"]

1.Nf3 d5 2.c4 c6 3.e3 Nf6 4.Nc3 a6 5.b3 Bg4 6.h3 Bxf3 7.Qxf3 e6 8.Bb2 Be7 9.g4
Qa5 10.a3 O-O 11.b4 Qd8 12.Qe2 Nbd7 13.cxd5 exd5 14.Bg2 Nb6 15.O-O Nc4 16.Bc1
Re8 17.d3 Nb6 18.e4 a5 19.Rb1 axb4 20.axb4 d4 21.Nd1 Ra4 22.Bd2 Nfd7 23.Nb2 Ra2
24.Qd1 Qa8 25.Nc4 Nxc4 26.dxc4 g5 27.h4 h6 28.Bc1 Bf6 29.Qf3 Qd8 30.Qf5 Re5
31.Qf3 Re8 32.Qf5 Re5 33.Qf3 Re8

[Event "2. Bundesliga West 2009/20010"]
[Site "Salzburg"]
[Date "2010.03.12"]
[Round "9"]
[Board "3"]
[White "Hengl, Christian"]
[Black "Pitschka, Klaus"]
[Result "1/2-1/2"]
[WhiteElo "2225"]
[BlackElo "2235"]
[PlyCount "142"]
[EventDate "2009.10.23"]
[EventType "team"]
[EventRounds "11"]
[EventCountry "AUT"]
[WhiteTeam "Rochade Rum"]
[BlackTeam "Wuestenrot Sbg SIR"]

1.e4 e6 2.d4 d5 3.e5 c5 4.c3 Qb6 5.Nf3 Bd7 6.a3 Bb5 7.b4 cxd4 8.Bxb5+ Qxb5
9.cxd4 a5 10.Nc3 Qc6 11.Bd2 axb4 12.axb4 Rxa1 13.Qxa1 Qa6 14.Qa4+ Qxa4 15.Nxa4
Nc6 16.Ke2 Bxb4 17.Bxb4 Nxb4 18.Rb1 Nc6 19.Nc5 Nge7 20.Rxb7 O-O 21.Kd3 Ra8 22.g4
h6 23.Nd2 Ng6 24.Ke3 Ra3+ 25.Rb3 Ra1 26.Rb1 Ra3+ 27.Rb3 Ra2 28.Nd3 Ra4 29.Nf3
Na5 30.Rb8+ Kh7 31.h4 Nc4+ 32.Ke2 Ra2+ 33.Ke1 Ra3 34.Ke2 Ra2+ 35.Ke1 h5 36.gxh5
Ra1+ 37.Ke2 Ra2+ 38.Kf1 Nxh4 39.Nxh4 Rd2 40.Rb3 Kh6 41.Nf3 Kxh5 42.Kg2 Ra2
43.Kg3 g5 44.Rb8 Ra3 45.Nde1 Nd2 46.Rh8+ Kg6 47.Kg4 Ne4 48.Nxg5 Nxf2+ 49.Kf4 Kg7
50.Rh2 Nd3+ 51.Nxd3 Rxd3 52.Rg2 Rxd4+ 53.Ke3 Ra4 54.Nxe6+ Kh6 55.Nd8 Ra7 56.Kd4
Rc7 57.Rg1 Kh7 58.Rg2 Kh6 59.Ke3 d4+ 60.Ke4 d3 61.Kf5 Rd7 62.Kf6 Kh5 63.Rd2 Rxd8
64.Kxf7 Rd4 65.e6 Kg4 66.e7 Rf4+ 67.Ke6 Re4+ 68.Kd6 Re3 69.Kd7 Kf3 70.Ra2 Rxe7+
71.Kxe7 Ke4

[Event "2. Bundesliga West 2009/20010"]
[Site "Salzburg"]
[Date "2010.03.12"]
[Round "9"]
[Board "4"]
[White "Pflug, Mathias"]
[Black "Jedinger, Andreas"]
[Result "1-0"]
[WhiteElo "2270"]
[BlackElo "2170"]
[PlyCount "69"]
[EventDate "2009.10.23"]
[EventType "team"]
[EventRounds "11"]
[EventCountry "AUT"]
[WhiteTeam "Wuestenrot Sbg SIR"]
[BlackTeam "Rochade Rum"]

1.e4 e5 2.Nf3 Nc6 3.Bc4 Bc5 4.c3 Nf6 5.d3 a6 6.O-O Ba7 7.Bg5 h6 8.Bh4 g5 9.Bg3
d6 10.Nbd2 Qe7 11.d4 Bg4 12.Bd5 Nh5 13.Bxc6+ bxc6 14.Qa4 O-O 15.Qxc6 exd4
16.Nxd4 Nxg3 17.hxg3 Bb6 18.Qd5 Rae8 19.Rae1 Qf6 20.Nc4 Bxd4 21.Qxd4 Qxd4
22.cxd4 f6 23.f3 Be6 24.d5 Bd7 25.g4 Bb5 26.Rc1 h5 27.gxh5 f5 28.Rfe1 fxe4
29.Rxe4 Rxe4 30.fxe4 Rf4 31.Nd2 Rf7 32.Nf3 g4 33.Ng5 Re7 34.h6 Re5 35.h7+

[Event "2. Bundesliga West 2009/20010"]
[Site "Salzburg"]
[Date "2010.03.12"]
[Round "9"]
[Board "5"]
[White "Muehlbacher, Bernhard"]
[Black "Huch, Reiner"]
[Result "0-1"]
[WhiteElo "2156"]
[BlackElo "2287"]
[PlyCount "86"]
[EventDate "2009.10.23"]
[EventType "team"]
[EventRounds "11"]
[EventCountry "AUT"]
[WhiteTeam "Rochade Rum"]
[BlackTeam "Wuestenrot Sbg SIR"]

1.c4 e5 2.g3 c6 3.Bg2 d6 4.d3 g6 5.e3 Bg7 6.Nc3 Ne7 7.Nge2 O-O 8.O-O Be6 9.b3 f5
10.Bd2 a5 11.d4 Na6 12.a3 g5 13.f4 h6 14.Rb1 e4 15.Qc2 Rb8 16.Na2 b5 17.Rfc1 a4
18.cxb5 axb3 19.Rxb3 cxb5 20.Rb2 Qd7 21.Nec3 Bc4 22.Bf1 Rfc8 23.Qb1 Bxf1 24.Kxf1
Nc7 25.a4 gxf4 26.gxf4 Qe8 27.axb5 Qh5 28.Be1 Qh3+ 29.Ke2 Ncd5 30.Nd1 Qf3+
31.Kd2 Nxf4 32.exf4 Qxf4+ 33.Ke2 Qf3+ 34.Kd2 Bf6 35.Rc3 Bg5+ 36.Kc2 Qd3+ 37.Kb3
Qxb5+ 38.Nb4 Qxb4+ 39.Kc2 Qa4+ 40.Rbb3 Nd5 41.Rxc8+ Rxc8+ 42.Kb2 Bc1+ 43.Qxc1
Qxb3+

[Event "2. Bundesliga West 2009/20010"]
[Site "Salzburg"]
[Date "2010.03.12"]
[Round "9"]
[Board "6"]
[White "Durakovic, Alman"]
[Black "BABINETZ, RAINER"]
[Result "1-0"]
[WhiteElo "2176"]
[BlackElo "2087"]
[PlyCount "69"]
[EventDate "2009.10.23"]
[EventType "team"]
[EventRounds "11"]
[EventCountry "AUT"]
[WhiteTeam "Wuestenrot Sbg SIR"]
[BlackTeam "Rochade Rum"]

1.d4 d6 2.Nf3 g6 3.c4 Bg7 4.Nc3 Nf6 5.g3 O-O 6.Bg2 c6 7.O-O Nbd7 8.h3 Qc7 9.e4
e5 10.Be3 h6 11.c5 dxc5 12.dxe5 Nxe5 13.Nxe5 Qxe5 14.f4 Qe7 15.Re1 Rd8 16.Qc2 b6
17.Bf2 Bb7 18.a3 Rd7 19.e5 Ne8 20.e6 Rd6 21.exf7+ Qxf7 22.Ne4 Re6 23.Bf1 Nc7
24.Bc4 Nd5 25.Nd2 Rae8 26.Rxe6 Rxe6 27.Nf3 Qf6 28.Rb1 Qf7 29.Bd3 Ne3 30.Bxe3
Rxe3 31.Bc4 Re6 32.Qb3 Bc8 33.Re1 Bd4+ 34.Kg2 Be3 35.Qd1